=LDR 00000nam 2200000 4500 =001 INLIS000000000009948 =990 ##$$a 1036288 =005 20230519071806 =990 ##$$a 10312037 =035 ##$$a 0010-061300000009948 =990 ##$$a 10312036 =008 230519################g##########0#ind## =990 ##$$a 10312038 =041 ##$$a Ind =990 ##$$a 10312035 =082 ##$$a 345.05 =090 ##$$a 345.05, Mul h =100 ##$$a Mulyadi, Lilik =245 1#$$a Hukum Acara Pidana : $b Suatu Tinjauan Khusus Terhadap Surat Dakwaan Eksepsi dan Putusan Peradilan /$c Lilik Mulyadi, SH., M.H =260 ##$$a Bandung :$b Citra Aditya Bakti,$c 2002 =300 ##$$a xii, 392 hlm, ; $c 21 x 15 cm. =650 #4$$a Hukum Acara Pidana =850 ##$$a NBPNMAT =020 ##$$a 979-414-751-6 =084 ##$$a 345.05 MUL h =990 ##$$a 10312037 =990 ##$$a 10312036 =990 ##$$a 10312038 =990 ##$$a 10312035 =990 ##$$a 1036288 =990 ##$$a 10312037 =990 ##$$a 10312036 =990 ##$$a 10312038 =990 ##$$a 19031903 =990 ##$$a 10312035 =990 ##$$a 10312037 =990 ##$$a 10312036 =990 ##$$a 10312038 =990 ##$$a 1036288